| 000 | 01152nam a2200253Ia 4500 | ||
|---|---|---|---|
| 999 |
_c39080 _d39080 |
||
| 001 | 5646 | ||
| 003 | GE_BSU | ||
| 005 | 20191024095444.0 | ||
| 008 | 181216s2012||||ge |||||||||||||| ||geo|| | ||
| 020 | _a9789941927584 | ||
| 040 | _cGE_BSU | ||
| 041 | _ageo | ||
| 080 | _a94(479.223) ს-96 | ||
| 100 |
_aსურმანიძე, რამაზ _91529 |
||
| 245 |
_aდიდი ვეზირი ხოსრო ერისთავი-ჩხეიძე / _cრამაზ სურმანიძე ; რედ. ნოდარ ჩხეიძე; ფოტორეპროდუქციები ზურაბ სურმანიძე |
||
| 264 |
_aთბილისი, _c2012 |
||
| 300 |
_a63 გვ.; _b20 სმ. |
||
| 504 | _a ბიბლიოგრ.: გვ. 61-62. | ||
| 600 |
_a ერისთავი-ჩხეიძე ხოსრო _94968 |
||
| 653 | _aქართული გვარების ისტორია | ||
| 700 |
_aჩხეიძე, ნოდარ _eრედაქტორი _94969 |
||
| 710 |
_aსურმანიძე, ზურაბ _bფოტო _94970 |
||
| 942 |
_cBK _2udc |
||